=LDR 00000nam 2200000 4500 =001 INLIS000000000026196 =005 20130612124643 =008 ***********************************Ind** =035 ##$$a0010-061300000026196 =041 ##$$a Ind =082 ##$$a 639.3 =090 ##$$a 639.3, Ahm b =100 ##$$a Ahmad, Taufik =245 ##$$a Budi daya bandeng secara intensif, Taufik Ahmad, Erna Ratnawati, M. Jamil R. Yakob =260 ##$$a 2002 $b Jakarta =300 ##$$a viii, 96 hlm, 20 cm =650 ##$$a Bandeng =850 ##$$a NBPNMAT =990 ##$$a 0001/BPAP-NTB/20142014